National Anthem of Türkiye (Turkey) - İstiklal Marşi - Statistics

General Stats
  • This quiz has been taken 74 times
  • The average score is 50 of 52
Answer Stats
Lyrics % Correct
al
100%
bu
100%
bu
100%
bu
100%
Korkma!
100%
sancak,
100%
son
100%
Sönmez
100%
yurdumun
100%
yüzen
100%
benim
98%
benim
98%
Çatma,
98%
hilal!
98%
kurban
98%
nazlı
98%
O
98%
O
98%
o
98%
olayım,
98%
üstünde
98%
ancak.
97%
ey
97%
milletimin
97%
milletimin
97%
ocak.
97%
şafaklarda
97%
Sönmeden
97%
tüten
97%
benimdir,
95%
bir
95%
en
95%
gül;
95%
ırkıma
95%
Kahraman
95%
milletimindir
95%
ne
95%
şiddet,
95%
celal?
93%
parlayacak;
93%
yıldızıdır,
93%
çehreni
92%
dökülen
92%
helal...
92%
istiklal.
90%
olmaz
90%
Sana
90%
kanlarımız
89%
Hakk'a
87%
sonra
87%
tapan
87%
Hakkıdır,
85%
No matching quizzes found
Score Distribution
Percent of People with Each Score
Percentile by Number Answered
Your Score History
You have not taken this quiz